[Event "Madrid ch - Previa A"]
[Site "Madrid ESP"]
[Date "2007.11.05"]
[Round "1.1"]
[White "Martin Martin, Luis Vicente"]
[Black "Fernandez Fernandez, Jose Antonio"]
[Result "1/2-1/2"]
[WhiteElo "2089"]
[BlackElo "1884"]
[PlyCount "80"]
[EventDate "2007.11.05"]
[EventType "swiss"]
[EventRounds "9"]
[EventCountry "ESP"]
[Source "lmi"]
[SourceDate "2007.11.05"]

1. e4 c5 2. Nf3 d6 3. d4 cxd4 4. Qxd4 Nc6 5. Bb5 Bd7 6. Bxc6 Bxc6 7. Nc3 e5 8.
Qd3 Be7 9. O-O h6 10. Nd5 Nf6 11. Nxf6+ Bxf6 12. c4 Qd7 13. b3 Qg4 14. Nd2 O-O
15. f3 Qe6 16. Nb1 Be7 17. Nc3 f5 18. Be3 fxe4 19. fxe4 Rxf1+ 20. Rxf1 a6 21.
Nd5 Bxd5 22. Qxd5 Qxd5 23. cxd5 Rc8 24. Rc1 Rxc1+ 25. Bxc1 h5 26. Kf2 Kf7 27.
Kf3 g6 28. g4 hxg4+ 29. Kxg4 Ke8 30. Bg5 Bf8 31. Bd2 Be7 32. Ba5 Kf7 33. Bb6
Ke8 34. a4 Kf7 35. Kf3 Kf6 36. Kg4 Kf7 37. h4 Ke8 38. h5 gxh5+ 39. Kxh5 Kd7 40.
Kg6 Bh4 1/2-1/2

[Event "Madrid ch - Previa A"]
[Site "Madrid ESP"]
[Date "2007.11.05"]
[Round "1.2"]
[White "Rodriguez Bachiller, Luis"]
[Black "Cortes Jurado, Rafael"]
[Result "1/2-1/2"]
[WhiteElo "1871"]
[BlackElo "2086"]
[PlyCount "85"]
[EventDate "2007.11.05"]
[EventType "swiss"]
[EventRounds "9"]
[EventCountry "ESP"]
[Source "lmi"]
[SourceDate "2007.11.05"]

1. e4 c5 2. Nf3 d6 3. Bb5+ Nd7 4. d4 a6 5. Bc4 e6 6. c3 Ngf6 7. Bg5 Qa5 8. e5
Ne4 9. Bf4 cxd4 10. Nxd4 dxe5 11. Nb3 Qc7 12. Qe2 Nd6 13. Bxe5 Qxc4 14. Bxd6
Qxe2+ 15. Kxe2 Bxd6 16. N1d2 O-O 17. Rad1 Nc5 18. Nc4 Nxb3 19. Rxd6 b5 20. Nb6
Ra7 21. Nxc8 Rxc8 22. axb3 Kf8 23. Rhd1 Ke7 24. Rb6 Rc5 25. Rb8 a5 26. Rdd8 a4
27. bxa4 bxa4 28. Ra8 Rb7 29. Rdb8 Rd7 30. Re8+ Kf6 31. Red8 Re5+ 32. Kf3 Rxd8
33. Rxd8 Rb5 34. Rd2 Ke5 35. Ke3 g5 36. c4 Rb3+ 37. Ke2 Rb4 38. Kd3 Rb3+ 39.
Kc2 Ke4 40. Rd7 Rb4 41. Kc3 Rb3+ 42. Kc2 Rb4 43. Kc3 1/2-1/2

[Event "Madrid ch - Previa A"]
[Site "Madrid ESP"]
[Date "2007.11.05"]
[Round "1.3"]
[White "Alvarez Abejon, Amilcar"]
[Black "Garcia Lopez, Pedro"]
[Result "1-0"]
[WhiteElo "2076"]
[BlackElo "1869"]
[PlyCount "69"]
[EventDate "2007.11.05"]
[EventType "swiss"]
[EventRounds "9"]
[EventCountry "ESP"]
[Source "lmi"]
[SourceDate "2007.11.05"]

1. c4 c5 2. g3 Nc6 3. Bg2 Nf6 4. Nc3 e6 5. Nf3 a6 6. O-O g6 7. d4 cxd4 8. Nxd4
Bg7 9. Nxc6 bxc6 10. Bg5 h6 11. Bf4 O-O 12. Qd2 Kh7 13. Bd6 Rg8 14. Rfd1 Ne8
15. Bc5 d5 16. e4 Bb7 17. exd5 Bxc3 18. bxc3 cxd5 19. cxd5 e5 20. Rab1 Qd7 21.
Qb2 Rc8 22. Qxb7 Qxb7 23. Rxb7 Rxc5 24. Rxf7+ Rg7 25. Rxg7+ Nxg7 26. d6 Rc8 27.
d7 Rd8 28. Bh3 Nf5 29. Bxf5 gxf5 30. c4 Kg7 31. c5 Kf7 32. c6 Ke7 33. Kf1 h5
34. h4 e4 35. Ke2 1-0

[Event "Madrid ch - Previa A"]
[Site "Madrid ESP"]
[Date "2007.11.05"]
[Round "1.4"]
[White "Diaz Begonte, Manuel"]
[Black "Lopez Heras, Arturo"]
[Result "0-1"]
[WhiteElo "1868"]
[BlackElo "2072"]
[PlyCount "50"]
[EventDate "2007.11.05"]
[EventType "swiss"]
[EventRounds "9"]
[EventCountry "ESP"]
[Source "lmi"]
[SourceDate "2007.11.05"]

1. e4 e5 2. d4 exd4 3. f4 Nc6 4. Nf3 d5 5. e5 Bc5 6. Bd3 Nge7 7. O-O Bf5 8. a3
a6 9. b4 Bb6 10. Nh4 Qd7 11. Nxf5 Nxf5 12. Qe1 O-O 13. Nd2 Rae8 14. g4 Ne3 15.
h3 Nxf1 16. Qh4 g6 17. Nf3 Ne3 18. Bxe3 dxe3 19. Kh2 Nd4 20. Ng5 f6 21. exf6
Rxf6 22. Nxh7 Rxf4 23. Nf6+ Rxf6 24. Qxf6 Qf7 25. Qxg6+ Qxg6 0-1

[Event "Madrid ch - Previa A"]
[Site "Madrid ESP"]
[Date "2007.11.05"]
[Round "1.5"]
[White "Vukotic Jovsic, Dragan"]
[Black "Fernandez Lledo, Javier"]
[Result "1/2-1/2"]
[WhiteElo "2035"]
[BlackElo "1858"]
[PlyCount "121"]
[EventDate "2007.11.05"]
[EventType "swiss"]
[EventRounds "9"]
[EventCountry "ESP"]
[Source "lmi"]
[SourceDate "2007.11.05"]

1. Nf3 Nf6 2. d4 d5 3. Bf4 Bf5 4. e3 e6 5. Bd3 Bxd3 6. Qxd3 c6 7. Nbd2 Nbd7 8.
O-O Be7 9. c4 Nh5 10. Bg3 Nxg3 11. hxg3 g5 12. e4 g4 13. Nh2 dxc4 14. Nxc4 h5
15. Qc3 Rg8 16. Rad1 Nb6 17. f4 Nxc4 18. Qxc4 Qb6 19. Rf2 O-O-O 20. Rfd2 h4 21.
gxh4 Bxh4 22. Nf1 Kb8 23. Qc5 Qxc5 24. dxc5 Rxd2 25. Rxd2 Be7 26. Rc2 b6 27.
cxb6 axb6 28. Ng3 Bc5+ 29. Kf1 Rd8 30. Ke2 Kb7 31. a3 Rh8 32. b4 Rh2 33. Kd3
Be7 34. e5 Rh8 35. Ne4 Rd8+ 36. Ke3 Rf8 37. Nf2 Rg8 38. Ne4 Ra8 39. Rc3 Rd8 40.
Rd3 Ka6 41. Rxd8 Bxd8 42. Kd3 Kb5 43. Nd6+ Ka4 44. Nxf7 Be7 45. Kc4 b5+ 46. Kc3
Kxa3 47. Nd6 Ka4 48. f5 exf5 49. Nxf5 Bxb4+ 50. Kb2 Bf8 51. e6 b4 52. e7 Bxe7
53. Nxe7 c5 54. Nf5 Kb5 55. Ne3 g3 56. Nf5 Kc4 57. Nxg3 Kd3 58. Ne2 c4 59. g4
c3+ 60. Nxc3 bxc3+ 61. Kc1 1/2-1/2

[Event "Madrid ch - Previa A"]
[Site "Madrid ESP"]
[Date "2007.11.05"]
[Round "1.6"]
[White "Perez Del Amo, Jorge"]
[Black "Sanchez Alvarez, Jorge"]
[Result "1/2-1/2"]
[WhiteElo "1812"]
[BlackElo "2028"]
[PlyCount "134"]
[EventDate "2007.11.05"]
[EventType "swiss"]
[EventRounds "9"]
[EventCountry "ESP"]
[Source "lmi"]
[SourceDate "2007.11.05"]

1. d4 d5 2. c4 dxc4 3. Nf3 Nf6 4. e3 c5 5. Bxc4 e6 6. O-O Nc6 7. dxc5 Qxd1 8.
Rxd1 Bxc5 9. a3 a6 10. b4 Be7 11. Bb2 O-O 12. Nc3 b5 13. Bb3 Bb7 14. Ne2 Rfd8
15. Ned4 Nxd4 16. Nxd4 Rac8 17. Nxe6 fxe6 18. Bxe6+ Kf8 19. Bxc8 Bxc8 20. Rac1
Rxd1+ 21. Rxd1 Ke8 22. Rc1 Bd7 23. Bd4 Bd8 24. Be5 a5 25. bxa5 Bxa5 26. Bc3
Bxc3 27. Rxc3 Ne4 28. Rc2 Ke7 29. f3 Nd6 30. Kf2 Ke6 31. e4 g6 32. Ke2 Nc4 33.
a4 bxa4 34. Kd3 Na5 35. Kc3 Nb3 36. Kb4 Ke7 37. g3 Nd4 38. Rc3 Ne6 39. Rc4 Kd6
40. f4 Bc6 41. Rc1 Bd7 42. Rd1+ Ke7 43. e5 Ng7 44. h3 Nf5 45. g4 Ne3 46. Rd3
Ng2 47. Rd4 Ne1 48. Rd2 Nf3 49. Rd6 Ne1 50. Rd2 Nf3 51. Rd6 Ng1 52. f5 gxf5 53.
gxf5 Bxf5 54. Kxa4 Nxh3 55. Kb4 Ng5 56. Rf6 Bg6 57. Kc4 Ne4 58. Ra6 Nd2+ 59.
Kd5 Bf7+ 60. e6 Bg6 61. Ra7+ Kd8 62. Ke5 Ke8 63. Kf6 Ne4+ 64. Ke5 Nc5 65. Ra8+
Ke7 66. Ra7+ Ke8 67. Ra8+ Ke7 1/2-1/2

[Event "Madrid ch - Previa A"]
[Site "Madrid ESP"]
[Date "2007.11.05"]
[Round "1.7"]
[White "Camarero Izquierdo, Juan Carlos"]
[Black "Ortega Sanchez, Ainhoa"]
[Result "0-1"]
[WhiteElo "2008"]
[BlackElo "1812"]
[PlyCount "132"]
[EventDate "2007.11.05"]
[EventType "swiss"]
[EventRounds "9"]
[EventCountry "ESP"]
[Source "lmi"]
[SourceDate "2007.11.05"]

1. e4 c6 2. d4 d5 3. e5 Bf5 4. g4 Bd7 5. Nc3 e6 6. Be3 Qc7 7. Qd2 c5 8. dxc5
Qxe5 9. f4 Qc7 10. Qf2 Ne7 11. O-O-O a6 12. f5 Nbc6 13. f6 gxf6 14. Qxf6 Ng6
15. Be2 Be7 16. Qf2 f6 17. Nh3 O-O-O 18. Nf4 Nce5 19. h4 Nxf4 20. Bxf4 Bxc5 21.
Qg3 Bd6 22. Rhf1 Rdf8 23. Kb1 Nf7 24. Bxd6 Nxd6 25. Qg1 Kb8 26. Rd4 Qc5 27.
Rfd1 Rc8 28. Qh2 Ka8 29. Bf3 Nb5 30. Nxb5 Bxb5 31. a3 Qc7 32. Qd2 Qg3 33. Qe3
Rhe8 34. h5 Qc7 35. R1d2 Qb6 36. Qh6 Qc7 37. Rb4 Rf8 38. Rb3 Ba4 39. Rc3 Bc6
40. Bd1 Qe7 41. Rd4 e5 42. Rb4 d4 43. Rcb3 Bd5 44. Bf3 Bxf3 45. Rxf3 Rf7 46.
Rfb3 Qc7 47. Qd2 Qc6 48. Rb6 Qe4 49. Qa5 Qxc2+ 50. Ka2 Qc4 51. Qd2 Rcc7 52. Qg2
d3 53. R6b4 Qc2 54. Qd5 Rfd7 55. Qg8+ Ka7 56. Qe6 d2 57. Rb6 Qxb3+ 58. Rxb3
d1=Q 59. Qxf6 Qd4 60. g5 e4 61. Qf8 Qg7 62. Qf2+ Ka8 63. Qe3 Re7 64. h6 Qg6 65.
a4 Re5 66. Rb6 Rc6 0-1

[Event "Madrid ch - Previa A"]
[Site "Madrid ESP"]
[Date "2007.11.05"]
[Round "1.12"]
[White "Benito Mellado, Humberto"]
[Black "Maseda, Luis"]
[Result "0-1"]
[WhiteElo "1635"]
[BlackElo "1976"]
[PlyCount "32"]
[EventDate "2007.11.05"]
[EventType "swiss"]
[EventRounds "9"]
[EventCountry "ESP"]
[Source "lmi"]
[SourceDate "2007.11.05"]

1. d4 d5 2. c4 e6 3. Nc3 Nf6 4. Bg5 c6 5. Nf3 Nbd7 6. e3 Qa5 7. a3 Ne4 8. Rc1
Nxg5 9. Nxg5 dxc4 10. Bxc4 Qxg5 11. O-O Bd6 12. Qf3 Qh6 13. h3 O-O 14. Ne4 Be7
15. Bd3 e5 16. Rc4 f5 0-1

[Event "Madrid ch - Previa A"]
[Site "Madrid ESP"]
[Date "2007.11.06"]
[Round "2.1"]
[White "Ortega Morales, Pedro"]
[Black "Alvarez Abejon, Amilcar"]
[Result "0-1"]
[WhiteElo "1944"]
[BlackElo "2076"]
[PlyCount "90"]
[EventDate "2007.11.05"]
[EventType "swiss"]
[EventRounds "9"]
[EventCountry "ESP"]
[Source "lmi"]
[SourceDate "2007.11.05"]

1. d4 Nf6 2. Bf4 g6 3. e3 Bg7 4. Nf3 O-O 5. Be2 d6 6. h3 Nbd7 7. Bh2 Qe8 8.
Nbd2 e5 9. dxe5 dxe5 10. O-O Qe7 11. c3 c6 12. Qc2 Nd5 13. Rfe1 Nc5 14. c4 Nb4
15. Qb1 e4 16. Nd4 Nbd3 17. Bxd3 Nxd3 18. Re2 f5 19. Qc2 Be6 20. Nxe6 Qxe6 21.
Rd1 Rad8 22. b4 c5 23. a3 Rd7 24. Bg3 Bf6 25. Nb3 b6 26. Nc1 Rfd8 27. Na2 Ne5
28. a4 Qxc4 29. Qxc4+ Nxc4 30. Rc1 Rd1+ 31. Re1 Rxe1+ 32. Rxe1 Rd2 33. Rc1 Ne5
34. Nc3 Nd3 35. Nb1 Nxc1 36. Nxd2 Ne2+ 37. Kf1 Nxg3+ 38. fxg3 Kf7 39. Ke2 Ke6
40. g4 Kd5 41. gxf5 gxf5 42. g4 fxg4 43. hxg4 c4 44. Kd1 c3 45. Nf1 Be5 0-1

[Event "Madrid ch - Previa A"]
[Site "Madrid ESP"]
[Date "2007.11.06"]
[Round "2.2"]
[White "Lopez Heras, Arturo"]
[Black "Sotnikov, Taras"]
[Result "1-0"]
[WhiteElo "2072"]
[BlackElo "1936"]
[PlyCount "67"]
[EventDate "2007.11.05"]
[EventType "swiss"]
[EventRounds "9"]
[EventCountry "ESP"]
[Source "lmi"]
[SourceDate "2007.11.05"]

1. e4 e5 2. Nf3 Nc6 3. Bc4 Bc5 4. b4 Bxb4 5. c3 Ba5 6. Qb3 Qe7 7. d4 exd4 8.
O-O Nf6 9. e5 Nxe5 10. Nxe5 Qxe5 11. cxd4 Qxd4 12. Bb2 Qb6 13. Bxf7+ Kd8 14.
Qc2 Rf8 15. Bb3 d5 16. Nc3 Be6 17. Rad1 c6 18. Na4 Qc7 19. Nc5 Bg8 20. Qf5 b6
21. Ne4 Qd7 22. Qg5 Qe7 23. Nxf6 gxf6 24. Qc1 Qd7 25. Qh6 Qe7 26. Rd3 Kd7 27.
Rf3 f5 28. Ba4 Be6 29. Re3 b5 30. Ba3 Rf6 31. Qf4 b4 32. Bb2 Bc7 33. Qh4 Rg6
34. Bxc6+ 1-0

[Event "Madrid ch - Previa A"]
[Site "Madrid ESP"]
[Date "2007.11.06"]
[Round "2.3"]
[White "Pardo Robles, Jose Manuel"]
[Black "Garcia Gonzalez, Pedro"]
[Result "1/2-1/2"]
[WhiteElo "2005"]
[BlackElo "1921"]
[PlyCount "133"]
[EventDate "2007.11.05"]
[EventType "swiss"]
[EventRounds "9"]
[EventCountry "ESP"]
[Source "lmi"]
[SourceDate "2007.11.05"]

1. e4 e5 2. Nf3 Nc6 3. Bb5 a6 4. Ba4 Nf6 5. O-O Be7 6. Re1 b5 7. Bb3 O-O 8. c3
d5 9. exd5 Nxd5 10. Nxe5 Nxe5 11. Rxe5 c6 12. d4 Bd6 13. Re1 Qh4 14. g3 Qh3 15.
Be3 Bg4 16. Qd3 Rae8 17. Nd2 Re6 18. Bxd5 cxd5 19. Qf1 Qh5 20. a4 b4 21. f3 Bh3
22. Qf2 Rf6 23. f4 g5 24. Qf3 Qxf3 25. Nxf3 gxf4 26. Bxf4 Bxf4 27. gxf4 Rg6+
28. Kf2 Rg2+ 29. Kf1 Rxh2+ 30. Kg1 Rg2+ 31. Kh1 Rxb2 32. Re3 Bg2+ 33. Kg1 Bxf3
34. Rxf3 bxc3 35. Rxc3 Rd2 36. Rc6 Rxd4 37. Rxa6 Rxf4 38. Rd6 Kh8 39. Ra2 Rg8+
40. Rg2 Rxg2+ 41. Kxg2 Rxa4 42. Rxd5 Rg4+ 43. Kf3 Rg6 44. Kf4 Kg7 45. Rd7 h5
46. Rd5 h4 47. Rh5 Rh6 48. Rg5+ Kf8 49. Rg2 h3 50. Rh2 Kg7 51. Kf5 Rh5+ 52. Kf4
Kg6 53. Kg4 f5+ 54. Kg3 Kg5 55. Kf3 Rh4 56. Kg3 Rg4+ 57. Kf3 Kh4 58. Rh1 Rg2
59. Ra1 Rg3+ 60. Kf4 h2 61. Kxf5 Rg1 62. Ra4+ Kh3 63. Ra3+ Kg2 64. Ra2+ Kg3 65.
Ra3+ Kf2 66. Ra2+ Kg3 67. Ra3+ 1/2-1/2

[Event "Madrid ch - Previa A"]
[Site "Madrid ESP"]
[Date "2007.11.06"]
[Round "2.4"]
[White "Pardiñas Riaño, Emilio"]
[Black "Perez Cameselle, Francisco Jose"]
[Result "0-1"]
[WhiteElo "1923"]
[BlackElo "1997"]
[PlyCount "90"]
[EventDate "2007.11.05"]
[EventType "swiss"]
[EventRounds "9"]
[EventCountry "ESP"]
[Source "lmi"]
[SourceDate "2007.11.05"]

1. e4 c5 2. c3 Nf6 3. Qc2 Nc6 4. Nf3 g6 5. d4 d6 6. d5 Nb8 7. h3 Bg7 8. Bd3 O-O
9. O-O e6 10. c4 exd5 11. cxd5 Na6 12. a3 Nc7 13. Nc3 Rb8 14. Be3 b5 15. b4 c4
16. Be2 a6 17. Nd4 Bd7 18. Qd2 Re8 19. f3 Nh5 20. g4 Ng3 21. Rf2 Nxe2+ 22.
Ncxe2 Qe7 23. Nc3 Rf8 24. Raf1 Rbe8 25. Bg5 f6 26. Bh4 Rf7 27. Bg3 Ref8 28. f4
Ne8 29. f5 gxf5 30. gxf5 Kh8 31. Rg2 Rg8 32. Kh2 Bf8 33. Rfg1 Rfg7 34. Nce2
Qxe4 35. Nf4 Qe7 36. Re1 Qf7 37. Re3 Nc7 38. Nde6 Bxe6 39. dxe6 Qe8 40. Nd5
Nxd5 41. Qxd5 Be7 42. Rd2 Qa8 43. Qd4 Rg5 44. Qf4 Qc6 45. Bh4 Rg2+ 0-1

[Event "Madrid ch - Previa A"]
[Site "Madrid ESP"]
[Date "2007.11.06"]
[Round "2.5"]
[White "Vallejo Nuño, Jorge"]
[Black "Cano Mercado, Francisco"]
[Result "1-0"]
[WhiteElo "1993"]
[BlackElo "1897"]
[PlyCount "79"]
[EventDate "2007.11.05"]
[EventType "swiss"]
[EventRounds "9"]
[EventCountry "ESP"]
[Source "lmi"]
[SourceDate "2007.11.05"]

1. e4 c6 2. d4 d5 3. Nc3 dxe4 4. Nxe4 Bf5 5. Ng3 Bg6 6. h4 h6 7. Nh3 e6 8. Nf4
Bh7 9. Bc4 Nf6 10. O-O Nd5 11. h5 Bd6 12. Nxd5 cxd5 13. Bb5+ Nc6 14. Qg4 Qf6
15. c3 O-O 16. f4 Ne7 17. Bd2 Kh8 18. Qf3 Nf5 19. Nxf5 Bxf5 20. g4 Be4 21. Qh3
Qe7 22. Rae1 f6 23. Bd3 f5 24. g5 Qf7 25. Kf2 Qc7 26. Ke2 a6 27. Kd1 Qa5 28. a3
Rac8 29. Rh1 Qa4+ 30. Ke2 Qd7 31. Qh4 Be7 32. Qg3 hxg5 33. fxg5 Bd6 34. Qh3 f4
35. Kf2 Bf5 36. Bxf5 Rxf5 37. g6 e5 38. h6 gxh6 39. Qxh6+ Kg8 40. g7 1-0

[Event "Madrid ch - Previa A"]
[Site "Madrid ESP"]
[Date "2007.11.06"]
[Round "2.13"]
[White "Cortijo Manso, Luis"]
[Black "Camarero Izquierdo, Juan Carlos"]
[Result "1-0"]
[WhiteElo "1701"]
[BlackElo "2008"]
[PlyCount "84"]
[EventDate "2007.11.05"]
[EventType "swiss"]
[EventRounds "9"]
[EventCountry "ESP"]
[Source "lmi"]
[SourceDate "2007.11.05"]

1. e4 c5 2. Nf3 d6 3. d4 cxd4 4. Nxd4 Nf6 5. Nc3 a6 6. f3 b5 7. a3 Bb7 8. Be2
Nbd7 9. Be3 Rc8 10. Qd2 e6 11. O-O d5 12. exd5 Nxd5 13. Nxd5 Bxd5 14. Rfd1 Qc7
15. Rdc1 Bd6 16. f4 Be4 17. c3 O-O 18. Bf3 Nf6 19. Rf1 Rfd8 20. Qc1 Bxf3 21.
Rxf3 Nd5 22. Bd2 Bc5 23. Kh1 Bxd4 24. cxd4 Qb6 25. Bc3 Rc4 26. Qd2 Rdc8 27. Qd3
Qb7 28. Qd2 Nxc3 29. bxc3 Rxc3 30. Rff1 Qc6 31. h3 Rc2 32. d5 exd5 33. Qd4 Rc4
34. Qe5 Re8 35. Qg5 h6 36. Qg3 d4 37. f5 Rc3 38. Qg4 Ree3 39. Kg1 Rg3 40. Qe2
Rc2 41. Rac1 Rxe2 42. Rxc6 Rgxg2+ 1-0

[Event "Madrid ch - Previa A"]
[Site "Madrid ESP"]
[Date "2007.11.07"]
[Round "3.1"]
[White "Alvarez Abejon, Amilcar"]
[Black "Vallejo Nuño, Jorge"]
[Result "0-1"]
[WhiteElo "2076"]
[BlackElo "1993"]
[PlyCount "52"]
[EventDate "2007.11.05"]
[EventType "swiss"]
[EventRounds "9"]
[EventCountry "ESP"]
[Source "lmi"]
[SourceDate "2007.11.05"]

1. c4 e5 2. g3 Nf6 3. Bg2 d5 4. cxd5 Nxd5 5. Nf3 Nc6 6. d3 Be7 7. Nbd2 O-O 8.
b3 f5 9. Bb2 Bf6 10. a3 Re8 11. Qb1 e4 12. Ng1 e3 13. Ndf3 Qe7 14. Qc1 exf2+
15. Kxf2 Bxb2 16. Qxb2 Qe3+ 17. Kf1 Qc5 18. d4 Ne3+ 19. Kf2 Qe7 20. Nh3 Nxg2
21. Kxg2 Qxe2+ 22. Qxe2 Rxe2+ 23. Nf2 Be6 24. Kf1 Re3 25. Re1 Rxe1+ 26. Nxe1
Bxb3 0-1

[Event "Madrid ch - Previa A"]
[Site "Madrid ESP"]
[Date "2007.11.07"]
[Round "3.3"]
[White "Perez Cameselle, Francisco Jose"]
[Black "Ortega Sanchez, Ainhoa"]
[Result "1-0"]
[WhiteElo "1997"]
[BlackElo "1812"]
[PlyCount "101"]
[EventDate "2007.11.05"]
[EventType "swiss"]
[EventRounds "9"]
[EventCountry "ESP"]
[Source "lmi"]
[SourceDate "2007.11.05"]

1. Nf3 d5 2. g3 c6 3. Bg2 Bg4 4. h3 Bxf3 5. Bxf3 Nf6 6. Bg2 Nbd7 7. O-O e5 8.
d3 Bc5 9. c4 dxc4 10. dxc4 O-O 11. Qc2 Re8 12. Nc3 Qc7 13. a3 a5 14. Rb1 Bd4
15. b4 axb4 16. axb4 Bxc3 17. Qxc3 Ra2 18. Re1 Rea8 19. Be3 R8a3 20. Rb3 Rxb3
21. Qxb3 Ra8 22. c5 Nf8 23. Rd1 Rd8 24. Rxd8 Qxd8 25. b5 e4 26. bxc6 bxc6 27.
Bg5 Qd5 28. Qxd5 cxd5 29. c6 Ne8 30. Bd8 Ne6 31. Bb6 Kf8 32. f3 f5 33. g4 g6
34. gxf5 gxf5 35. fxe4 dxe4 36. h4 Ke7 37. Bh3 N8g7 38. Kf2 h5 39. Ke3 Kd6 40.
c7 Nxc7 41. Bxc7+ Kxc7 42. Kf4 Kd6 43. Bxf5 Nxf5 44. Kxf5 Kd5 45. e3 Kd6 46.
Kxe4 Ke6 47. Kf4 Kf6 48. e4 Kg6 49. Ke5 Kf7 50. Kd6 Ke8 51. Ke6 1-0

[Event "Madrid ch - Previa A"]
[Site "Madrid ESP"]
[Date "2007.11.07"]
[Round "3.4"]
[White "Pardo Robles, Jose Manuel"]
[Black "Cortes Jurado, Rafael"]
[Result "0-1"]
[WhiteElo "2005"]
[BlackElo "2086"]
[PlyCount "88"]
[EventDate "2007.11.05"]
[EventType "swiss"]
[EventRounds "9"]
[EventCountry "ESP"]
[Source "lmi"]
[SourceDate "2007.11.05"]

1. c4 Nf6 2. Nc3 g6 3. d4 Bg7 4. e4 d6 5. Be2 O-O 6. Nf3 e5 7. O-O Nc6 8. d5
Ne7 9. Ne1 Ne8 10. f3 f5 11. Nd3 f4 12. Bd2 g5 13. c5 Ng6 14. Rc1 Rf6 15. cxd6
cxd6 16. Nf2 h5 17. Nb5 Rf7 18. h3 Bf8 19. Bb4 Bd7 20. Qd2 g4 21. Ba5 b6 22.
Bb4 g3 23. Nd1 Bxh3 24. gxh3 Qd7 25. Nf2 Nh4 26. Ng4 hxg4 27. hxg4 Rh7 28. Rc6
Ng2 29. Rfc1 Ne3 30. Rc7 Nxc7 31. Rxc7 Qd8 32. Rxh7 Kxh7 33. Bf1 Qh4 34. Qe2
Nxf1 35. Qg2 Ne3 36. Qh1 Qxh1+ 37. Kxh1 Rc8 38. Bc3 a6 39. Na7 Rc7 40. Nc6 Kg8
41. Bd2 Rh7+ 42. Kg1 g2 43. Bxe3 fxe3 44. Kxg2 Rh1 0-1

[Event "Madrid ch - Previa A"]
[Site "Madrid ESP"]
[Date "2007.11.07"]
[Round "3.5"]
[White "Garcia Gonzalez, Pedro"]
[Black "Sanchez Alvarez, Jorge"]
[Result "1/2-1/2"]
[WhiteElo "1921"]
[BlackElo "2028"]
[PlyCount "37"]
[EventDate "2007.11.05"]
[EventType "swiss"]
[EventRounds "9"]
[EventCountry "ESP"]
[Source "lmi"]
[SourceDate "2007.11.05"]

1. e4 e5 2. Nf3 Nf6 3. Nxe5 d6 4. Nf3 Nxe4 5. d4 d5 6. Bd3 Bd6 7. O-O O-O 8.
Re1 f5 9. Nbd2 Nd7 10. c3 Ndf6 11. h3 Bd7 12. Ne5 c6 13. Ndf3 Qc7 14. Bf4 h6
15. Qc2 g5 16. Nxd7 Nxd7 17. Bxd6 Qxd6 18. Ne5 Rae8 19. Nxd7 1/2-1/2

[Event "Madrid ch - Previa A"]
[Site "Madrid ESP"]
[Date "2007.11.07"]
[Round "3.8"]
[White "Camarero Izquierdo, Juan Carlos"]
[Black "Fernandez Fernandez, Jose Antonio"]
[Result "0-1"]
[WhiteElo "2008"]
[BlackElo "1884"]
[PlyCount "124"]
[EventDate "2007.11.05"]
[EventType "swiss"]
[EventRounds "9"]
[EventCountry "ESP"]
[Source "lmi"]
[SourceDate "2007.11.05"]

1. e4 c5 2. Nf3 d6 3. d4 cxd4 4. Nxd4 Nf6 5. Nc3 a6 6. Bg5 e6 7. f3 Be7 8. Qd2
b5 9. Bd3 Bb7 10. O-O-O Nbd7 11. h4 Rc8 12. Kb1 Ne5 13. g4 Qc7 14. Bxf6 Bxf6
15. g5 Be7 16. h5 Nxd3 17. cxd3 Qc5 18. Nce2 Bxg5 19. f4 Bh6 20. Rc1 Qb6 21.
Rxc8+ Bxc8 22. Qc3 Kd7 23. Rf1 Bb7 24. Qb3 Ke7 25. f5 d5 26. e5 Rc8 27. Nc2 a5
28. d4 b4 29. Qf3 Bg5 30. Ng3 Ba6 31. fxe6 Qxe6 32. Nf5+ Kf8 33. Rg1 h6 34.
Nce3 Bd3+ 35. Ka1 Be4 36. Qf2 Qc6 37. Qe1 Bxf5 38. Nxf5 Qc1+ 39. Qxc1 Rxc1+ 40.
Rxc1 Bxc1 41. Kb1 Bf4 42. Kc2 g6 43. Nh4 gxh5 44. Kb3 Bg5 45. Nf5 h4 46. Ka4
Bd8 47. Kb5 h3 48. Ng3 Ke7 49. Kc6 Ke6 50. Kb5 f6 51. exf6 Kxf6 52. Kc5 Ke6 53.
Kb5 h2 54. Kc5 h5 55. Kc6 h4 56. Nh1 a4 57. a3 bxa3 58. bxa3 Be7 59. Kb5 Bxa3
60. Kxa4 Bb2 61. Kb5 Bxd4 62. Kc6 Ke5 0-1

[Event "Madrid ch - Previa A"]
[Site "Madrid ESP"]
[Date "2007.11.07"]
[Round "3.10"]
[White "Cano Mercado, Francisco"]
[Black "Maseda, Luis"]
[Result "1/2-1/2"]
[WhiteElo "1897"]
[BlackElo "1976"]
[PlyCount "74"]
[EventDate "2007.11.05"]
[EventType "swiss"]
[EventRounds "9"]
[EventCountry "ESP"]
[Source "lmi"]
[SourceDate "2007.11.05"]

1. d4 d5 2. c4 e6 3. Nc3 Nf6 4. Bg5 Nbd7 5. e3 c6 6. Nf3 Qa5 7. Nd2 dxc4 8.
Bxf6 Nxf6 9. Nxc4 Qc7 10. Bd3 b5 11. Ne5 Bd6 12. Nxc6 a6 13. Ne5 Bxe5 14. dxe5
Qxe5 15. Qe2 O-O 16. O-O Bb7 17. f3 Rfd8 18. Rad1 b4 19. Nb1 Nd5 20. Be4 f5 21.
Bxd5 Bxd5 22. b3 Rdc8 23. Rfe1 Qc7 24. Rd2 Qb6 25. Kh1 Rc7 26. h3 Rac8 27. Red1
Rc1 28. Qd3 Qb7 29. Rxc1 Rxc1+ 30. Rd1 Qc6 31. Rxc1 Qxc1+ 32. Kh2 Qb2 33. Nd2
Qc3 34. Qd4 a5 35. Nb1 Qc2 36. Nd2 Qc3 37. Nb1 Qc2 1/2-1/2

[Event "Madrid ch - Previa A"]
[Site "Madrid ESP"]
[Date "2007.11.07"]
[Round "3.12"]
[White "Diaz Begonte, Manuel"]
[Black "Boni de Aristizabal, Marco"]
[Result "0-1"]
[WhiteElo "1868"]
[BlackElo "1937"]
[PlyCount "70"]
[EventDate "2007.11.05"]
[EventType "swiss"]
[EventRounds "9"]
[EventCountry "ESP"]
[Source "lmi"]
[SourceDate "2007.11.05"]

1. e4 Nf6 2. e5 Nd5 3. d4 d6 4. c4 Nb6 5. Nf3 g6 6. exd6 cxd6 7. Be2 Bg7 8. O-O
O-O 9. Nc3 Nc6 10. Be3 Bf5 11. a3 Rc8 12. Rc1 Re8 13. c5 dxc5 14. dxc5 Qxd1 15.
Rfxd1 Nd7 16. b4 Nde5 17. Nxe5 Bxe5 18. Bd3 Bxd3 19. Rxd3 Red8 20. Rxd8+ Rxd8
21. Kf1 Rd3 22. Nb1 Bb2 23. Rc2 Rd1+ 24. Ke2 Rxb1 25. b5 Bxa3 26. bxc6 bxc6 27.
Ra2 Rb2+ 28. Rxb2 Bxb2 29. Kd3 f5 30. Kc2 Be5 31. f4 Bf6 32. Kb3 Kf7 33. Ka4
Ke6 34. Ka5 Kd5 35. Ka6 Bd4 0-1

[Event "Madrid ch - Previa A"]
[Site "Madrid ESP"]
[Date "2007.11.07"]
[Round "3.13"]
[White "Sotnikov, Taras"]
[Black "Benitez Cardenas, Luis Miguel"]
[Result "1-0"]
[WhiteElo "1936"]
[BlackElo "1785"]
[PlyCount "95"]
[EventDate "2007.11.05"]
[EventType "swiss"]
[EventRounds "9"]
[EventCountry "ESP"]
[Source "lmi"]
[SourceDate "2007.11.05"]

1. e4 e6 2. d3 Nf6 3. Nf3 b6 4. g3 Bb7 5. Nbd2 d6 6. Bg2 Be7 7. O-O O-O 8. c3
Nbd7 9. Nh4 Qc8 10. f4 Nc5 11. Ndf3 Ba6 12. Ne1 Nfxe4 13. c4 Nxg3 14. hxg3 Rb8
15. b4 Nd7 16. b5 Bxh4 17. gxh4 Bb7 18. Bxb7 Rxb7 19. Qf3 Nb8 20. Bb2 c6 21. a4
Qd8 22. Qg3 f6 23. Kh2 c5 24. Rg1 e5 25. Nf3 Qe8 26. Rae1 Re7 27. fxe5 dxe5 28.
Nd2 Nd7 29. Ne4 Qh5 30. Nc3 Rfe8 31. Nd5 Rf7 32. Qg4 Qxg4 33. Rxg4 Nf8 34. h5
h6 35. Bc1 Kh8 36. Reg1 Ne6 37. Rg6 Kh7 38. Bxh6 gxh6 39. Nxf6+ Rxf6 40. Rxf6
Ng5 41. Re1 Kg7 42. Rf2 Re6 43. Kg2 Re7 44. Re3 Re6 45. Rf5 e4 46. dxe4 Rxe4
47. Rxg5+ hxg5 48. Rxe4 1-0